Chủ tịch Hồ Chí Minh với công an nhân dân Việt Nam.

Na minha lista:
Detalhes bibliográficos
Formato: Livro
Publicado em: [CAND] 2000
Tags: Adicionar Tag
Sem tags, seja o primeiro a adicionar uma tag!
Thư viện lưu trữ: Mạng thư viện Đại học Đà Nẵng
LEADER 00523nam a2200217 a 4500
001 000029603
003 6572
005 20171030145630.0
008 171030s2000
020 |c 160000 
040 |a LTT 
082 0 |a 335.53  |b Ch-T 
245 0 0 |a Chủ tịch Hồ Chí Minh với công an nhân dân Việt Nam. 
260 |b [CAND]  |c 2000 
OWN |a LTT 
999 |a From the UDN01 
TYP |a Monograph 
TYP |a Printed language 
980 |a Mạng thư viện Đại học Đà Nẵng